| 000 | 00000nam##2200000za#4500 |
| 001 | 9.681199 |
| 003 | CaOODSP |
| 005 | 20200330070208 |
| 007 | ta |
| 008 | 150407|2000||||xxc||||| f|0| 0 fre|d |
| 020 | |a0-662-84900-0 |
| 040 | |aCaOODSP|bfre |
| 043 | |an-cn--- |
| 086 | 1 |aEn105-61/2000F |
| 110 | 1 |aCanada. |bAgence canadienne d'évaluation environnementale. |
| 245 | 10|aRapport de la Commission d'examen conjoint EUB-ACÉE: Projet de la mine de charbon Cheviot, secteur Mountain Park, Alberta |
| 260 | |aOttawa - Ontario : |bAgence canadienne d'évaluation environnementale |c2000. |
| 300 | |a472p. en pagination multiple. : |bcartes ; |c28 cm. |
| 500 | |a«Requête N° 960313 et 960314 de l'EUB, Cardinal River Coals Ltd.» N.B.: Le numéro de catalogue (En105-61/2000E) et ISBN (0-662-29210-3) imprimés sur cette publication sont incorrects. |
| 520 | 3 |aRequête N° 960313 et 960314 de l'EUB, Cardinal River Coals Ltd |
| 563 | |aReliure à anneaux |
| 590 | |a01-10|b2001-03-09 |
| 691 | 07|aIndustrie minière|2gcpds |
| 691 | 07|aCharbon|2gcpds |
| 691 | 07|aDéveloppement économique|2gcpds |
| 691 | 07|aImpact sur l'environnement|2gcpds |
| 775 | 08|tReport of the EUB-CEAA Joint Review Panel, Cheviot Coal Project, Mountain Park Area, Alberta |w(CaOODSP)9.647818 |
| 776 | 0#|tRapport de la Commission d'examen conjoint EUB-ACÉE - projet de la mine de charbon Cheviot Secteur Mountain Park, Alberta : |w(CaOODSP)9.639939 |